| 000 | 00810cab a2200241 4500 | ||
|---|---|---|---|
| 001 | ABS38387 | ||
| 008 | 090401t xxu||||| |||| 00| 0 eng d | ||
| 035 | _a(Sirsi) u10215 | ||
| 041 | _aeng | ||
| 100 | _aAllsopp, M. | ||
| 245 | _aDesign developments on Oxford Street | ||
| 350 | _a0 | ||
| 490 |
_aValuer (ISVA) _v56(8) 284-285(2) |
||
| 520 | _aDescribes the remodelling of Debenhams flagship store in Oxford Street . The building has a glass roofed atrium and 8 escalators known as travelscaters. Briefly reviews the role of Oxford Street as a prime shopping centre. | ||
| 650 | _aDEPARTMENT STORES | ||
| 650 | _aFITCH AND CO | ||
| 650 | _aLONDON | ||
| 650 | _aOXFORD STREET ASSOCIATION | ||
| 650 | _aRETAILING | ||
| 690 | _aBUILDING AND CONSTRUCTION-PROJECTS | ||
| 942 | _n0 | ||
| 948 | _c04/03/1997 | ||
| 999 |
_c6423 _d6423 |
||